| 000 | | | 04465nmc2a22000003x 450 |
| 001 | | | 8f0274fc-b448-49dc-88cc-c4862a601387 |
| 005 | | | 20181228003530.0 |
| 100 | ## | $a | 20170703l18481848k l0rusy0189 ca |
| 101 | 0# | $a | rus |
| 102 | ## | $a | RU |
| 200 | 1# | $a | Дело о сообщении в Герольдию Сената о переменах в составе чиновников Дирекции |
| | $j | 21 марта - 23 сентября 1848 г. |
| 251 | ## | $c | Дело |
| 300 | ## | $a | По Санкт-Петербургской дирекции за 1848 год |
| 300 | ## | $a | Ориг. заголовок дела: Дело о донесении Герольдии Правительствующего Сената, что между чиновниками Дирекции санкт-петербургских и московских театров, которые бы не дворянского происхождения, приобрели потомственное по всемилостивейше пожалованным чинам и орденам по настоящее время, перемен не последовало. 21 марта 1848 г. - 23 сентября 1848 г |
| 801 | #0 | $a | RU |
| | $b | РГИА |
| | $c | 20170703 |
| | $g | RCR |
| 801 | #1 | $a | RU |
| | $b | ГлавНИВЦ |
| | $c | 20170703 |
| | $2 | rusmarc |
| 801 | #2 | $a | RU |
| | $b | ПБ им. Б.Н. Ельцина |
| | $c | 20181228 |
| | $g | RCR |
| | $2 | rusmarc |
| 850 | ## | $a | РГИА |
| 852 | ## | $a | РГИА |
| | $e | Федеральное казенное учреждение "Российский государственный исторический архив" (РГИА) |
| | $j | 11778 |
| 937 | ## | $h | РГИА |
| | $d | 12247196 |
| | $a | ASBIBLIO_SCAN |
| 462 | #0 | $1 | 001dd3991dc-24e1-42ec-8838-ca4255420416 |
| | $1 | 2001 |
| | $a | 1746-1850 гг. |
| | $1 | 251 |
| | $c | Опись |
| | $1 | 852 |
| | $j | 1 |
| 461 | #0 | $1 | 0019264ebf8-de62-4f1a-9eb4-9f22098dbbd5 |
| | $1 | 2001 |
| | $a | Дирекция императорских театров МИДв |
| | $1 | 251 |
| | $c | Фонд |
| | $1 | 852 |
| | $j | 497 |
| 215 | ## | $a | 7 л. |
| | $d | 36,5х26 см |
| 371 | ## | $a | Документ не является опубликованным и широко распространяемым |
| 105 | ## | $a | y### |
| 122 | 2# | $a | d |
| 517 | 1# | $a | Дело о донесении Герольдии Правительствующего Сената, что между чиновниками Дирекции санкт-петербургских и московских театров, которые бы не дворянского происхождения, приобрели потомственное по всемилостивейше пожалованным чинам и орденам по настоящее время, перемен не последовало. 21 марта 1848 г. - 23 сентября 1848 г |
| 035 | ## | $a | 8f0274fc-b448-49dc-88cc-c4862a601387 |
| 856 | ## | $u | http://readingroom.main.prlib.ru/item.aspx?id_node=n122584602&mode=full |